Normale Ansicht MARC-Ansicht ISBD

Was ist deutsch? : (Titelsatznr. 11192)

[ MARC ]
MARC-Details
000 -Satzkennung
Kontrollfeld mit fester Länge 00778nam a22002411c 4500
001 - Kontrollnummer
Kontrollfeld 873556771
008 - Feld mit fester Länge zur physischen Beschreibung - Allgemeine Angaben
Kontrollfeld mit fester Länge 191118s2017 gw a||| 000u ger d
020 ## - Internationale Standardbuchnummer
Internationale Standardbuchnummer 9783871340703
Verknüpfung 978-3-87134-070-3
041 ## - Sprachcode
Sprachcode des Textes/der Tonspur oder des separaten Titels ger
040 ## - Katalogisierungsquelle
Übertragungsstelle RU-10907106
003 - Kontrollnummer Identifier
Kontrollfeld RU-10907106
100 1# - Haupteintragung - Personenname
Personenname Borchmeyer, Dieter
245 00 - Titel
Titel Was ist deutsch? :
Zusatz zum Titel die Suche einer Nation nach sich selbst /
Verfasserangabe etc. Dieter Borchmeyer
264 ## - Produktion, Veröffentlichung, Distribution, Herstellung und Urheberrechtsvermerk
Herstellungs-, Veröffentlichungs- Vertriebs-, Erzeugungsort Berlin :
Produzent, Herausgeber, Distributor, Hersteller Rowohlt,
Datum der Herstellung, der Veröffentlichung, des Vertriebs oder des Urheberschutzvermerks 2017
300 ## - Physische Beschreibung
Umfang 1055 Seiten : Illustrationen
650 #0 - Nebeneintragung unter einem Schlagwort - Sachschlagwort
Sachschlagwort oder geografischer Name als Eintragungselement Nationalbewusstsein
650 #0 - Nebeneintragung unter einem Schlagwort - Sachschlagwort
Sachschlagwort oder geografischer Name als Eintragungselement Identität
650 #0 - Nebeneintragung unter einem Schlagwort - Sachschlagwort
Sachschlagwort oder geografischer Name als Eintragungselement Nationalcharakter
650 #0 - Nebeneintragung unter einem Schlagwort - Sachschlagwort
Sachschlagwort oder geografischer Name als Eintragungselement Ideengeschichte
651 #0 - Nebeneintragung unter einem Schlagwort - Geografischer Name
Geografischer Name Deutschland
856 4# - Elektronische Adresse und Zugriff
URL <a href="http://deposit.d-nb.de/cgi-bin/dokserv?id=c06f6b5e80d04ee4a55b1eb8bf596a7d&prov=M&dok_var=1&dok_ext=htm">http://deposit.d-nb.de/cgi-bin/dokserv?id=c06f6b5e80d04ee4a55b1eb8bf596a7d&prov=M&dok_var=1&dok_ext=htm</a>
OPAC-Notiz Inhaltstext
942 ## - Zusätzliche Felder (Koha)
Koha-Medientyp Monographien
Exemplare
Ausgeschieden Verloren Klassifikation oder Aufstellungssystematik Beschädigt Nicht entleihbar Heimatbibliothek Aufenthaltsbibliothek Aufstellungsort Erwerbungsdatum Inventarnummer Signatur Barcode Letzte Aktivität Preis gültig von Koha-Medientyp
    Andere/Generische Klassifikation     MWN Osteuropa MWN Osteuropa Lesesaal - 1 18/11/2019 20-00608 D 10 k Bor E0040108080FA41B 23/02/2021 22/03/2021 Monographien